|
|
|
|
| LEADER |
00000ny a22000003n 4500 |
| 005 |
20110524150153.0 |
| 008 |
040220s2004 sp s 000 0 spa c |
| 017 |
|
|
|a D.L. SE.513-2004
|
| 020 |
|
|
|a 8497722477
|
| 035 |
|
|
|a 652
|
| 040 |
|
|
|a BUS
|d vLex
|
| 040 |
|
|
|a UMA.RE
|d vLex
|
| 080 |
|
|
|a 364.4-053.9(460)
|
| 090 |
|
|
|c 238
|d 238
|
| 100 |
1 |
|
|a Zurita Martn̕, Isabel
|
| 245 |
1 |
0 |
|a Proteccin̤ civil de la ancianidad
|h [Recurso electrn̤ico]
|c Isabel Zurita Martn̕
|
| 256 |
|
|
|a Servicio en ln̕ea
|
| 260 |
|
|
|a Madrid :
|b Dykinson,
|c 2004
|
| 300 |
|
|
|a 288 p. ;
|c 21 cm
|
| 504 |
|
|
|a Bibliografa̕
|
| 506 |
1 |
|
|a Contenido solo disponible en los productos indicados
|d vLex Global
|d vLex Global (Academic Edition, excluding Law Schools)
|d vLex Global (U.S. Academic Edition, Law Schools)
|d vLex Global (U.S. Academic Edition, excluding Law Schools)
|d vLex Global (Academic Edition, Law Schools)
|
| 650 |
0 |
7 |
|a Propiedad horizontal
|2 Tesauro vLex
|
| 650 |
0 |
7 |
|a Gastos comunes
|2 Tesauro vLex
|
| 650 |
0 |
7 |
|a Proteccin̤ a la tercera edad
|2 Tesauro vLex
|
| 740 |
0 |
|
|a vLex Libros (Servicios en ln̕ea)
|
| 856 |
4 |
0 |
|u http://vlex.com/source/652
|z Acceso restringido
|
| 942 |
|
|
|c BOOK
|
| 999 |
0 |
|
|a Condominiums
|b Madrid
|